[Event "FRA-ch Accession 96th"]
[Site "L'Alpe d'Huez"]
[Date "2023.08.23"]
[Round "5"]
[White "Vlachos, Anatole"]
[Black "Zachary, Matheo"]
[Result "1/2-1/2"]
[WhiteElo "2436"]
[BlackElo "2334"]
[PlyCount "65"]
[EventDate "2023.08.19"]
[EventType "swiss"]
[EventRounds "9"]
[EventCountry "FRA"]
[SourceTitle "CBM 215 Extra"]
[Source "ChessBase"]
[SourceDate "2023.09.30"]
[SourceVersion "1"]
[SourceVersionDate "2023.09.30"]
[SourceQuality "1"]

1. d4 d5 2. Nc3 Nf6 3. Bf4 e6 4. Nb5 Na6 5. e3 Be7 6. h4 Ne4 7. Nc3 Nxc3 8. bxc3 c5 9. Bb5+ Bd7 10. Rb1 0-0 11. Nf3 Rc8 12. Bxd7 Qxd7 13. Ne5 Qe8 14. Rxb7 f6 15. Nd7 Rf7 16. Qe2 Nc7 17. Nxc5 e5 18. Bg3 Bxc5 19. dxc5 Qc6 20. Rb2 Ne6 21. 0-0 Nxc5 22. c4 dxc4 23. Qxc4 Ne4 24. Qxc6 Rxc6 25. Rd1 Rfc7 26. h5 Kf7 27. Bh4 g5 28. hxg6+ hxg6 29. f3 Nc3 30. Rd2 Na4 31. Rb5 g5 32. Bf2 Rxc2 33. Rxc2 1/2-1/2

[Event "FRA-ch U20"]
[Site "Agen"]
[Date "2023.04.24"]
[Round "3"]
[White "Zachary, Matheo"]
[Black "Boyer, Mahel"]
[Result "0-1"]
[WhiteElo "2343"]
[BlackElo "2463"]
[PlyCount "78"]
[EventDate "2023.04.23"]
[EventType "swiss"]
[EventRounds "9"]
[EventCountry "FRA"]
[SourceTitle "CBM 213 Extra"]
[Source "ChessBase"]
[SourceDate "2023.05.31"]
[SourceVersion "1"]
[SourceVersionDate "2023.05.31"]
[SourceQuality "1"]

1. e4 e6 2. d4 d5 3. Nd2 c5 4. exd5 exd5 5. Ngf3 a6 6. dxc5 Bxc5 7. Nb3 Bd6 8. Bd3 Nf6 9. Qe2+ Be7 10. 0-0 0-0 11. h3 Nc6 12. c3 Re8 13. Be3 Bd6 14. Qc2 Ne4 15. Nbd4 Qf6 16. Rfe1 Qg6 17. Kh1 Qh5 18. Bf1 Bd7 19. Kg1 Re7 20. Rad1 Rae8 21. c4 Nxd4 22. Rxd4 Qg6 23. Rxd5 Bc6 24. Rdd1 Bb4 25. Re2 h6 26. a3 Ba5 27. b4 Bc7 28. Ree1 Bd7 29. Nh4 Qf6 30. Nf3 Qg6 31. Nh4 Qf6 32. Nf3 Bxh3 33. gxh3 Qxf3 34. Bg2 Qf6 35. Rd5 Ng5 36. Red1 Nf3+ 37. Kh1 Qh4 38. Qf5 Rxe3 39. Bxf3 Qxf2 0-1

[Event "FRA-chT Top 12"]
[Site "Chalons en Champagne"]
[Date "2021.07.01"]
[Round "8.3"]
[White "Maatoug, Redwan"]
[Black "Zachary, Matheo"]
[Result "0-1"]
[WhiteElo "2202"]
[BlackElo "2334"]
[PlyCount "106"]
[EventDate "2021.06.24"]
[EventType "team-tourn"]
[EventRounds "11"]
[EventCountry "FRA"]
[SourceTitle "CBM 203 Extra"]
[Source "ChessBase"]
[SourceDate "2021.09.30"]
[SourceVersion "1"]
[SourceVersionDate "2021.09.30"]
[SourceQuality "1"]
[WhiteTeam "Villejuif"]
[BlackTeam "Mulhouse Philidor"]
[WhiteTeamCountry "FRA"]
[BlackTeamCountry "FRA"]

1. e4 c5 2. Nf3 Nc6 3. Bb5 Nf6 4. Nc3 g6 5. 0-0 Bg7 6. Re1 0-0 7. a4 d6 8. h3 e5 9. d3 h6 10. Bc4 Kh7 11. Nd5 Nxd5 12. Bxd5 Ne7 13. Bb3 f5 14. c3 Bd7 15. Bc2 Rc8 16. Bd2 a6 17. b4 cxb4 18. cxb4 d5 19. Rc1 fxe4 20. dxe4 d4 21. Bb3 Rxc1 22. Bxc1 Qb6 23. Qd2 g5 24. Nh2 Qg6 25. Ba3 b5 26. a5 h5 27. Qd3 Bh6 28. Bc1 Rc8 29. Bd2 g4 30. hxg4 hxg4 31. Bxh6 Rc3 32. Qb1 Qxh6 33. Nf1 Ng6 34. g3 Nf8 35. Nh2 Qd2 36. Rd1 Qg5 37. Qa2 Kg7 38. Kg2 Qg6 39. Bd5 Ne6 40. Qe2 Nc7 41. Bb7 Ne8 42. Rd3 Rc7 43. Ba8 Nf6 44. Rd1 Be6 45. Re1 Bc4 46. Qd2 Rc8 47. Bb7 Rh8 48. Qc1 Qh5 49. Rh1 Be2 50. Qc7+ Kg6 51. Bc8 Bf3+ 52. Kg1 Bxe4 53. Be6 Rh7 0-1

[Event "FRA-chT Top 12"]
[Site "Chalons en Champagne"]
[Date "2021.06.26"]
[Round "3.4"]
[White "Zachary, Matheo"]
[Black "Le Roux, Jean Pierre"]
[Result "1/2-1/2"]
[WhiteElo "2334"]
[BlackElo "2524"]
[PlyCount "97"]
[EventDate "2021.06.24"]
[EventType "team-tourn"]
[EventRounds "11"]
[EventCountry "FRA"]
[SourceTitle "CBM 203 Extra"]
[Source "ChessBase"]
[SourceDate "2021.09.30"]
[SourceVersion "1"]
[SourceVersionDate "2021.09.30"]
[SourceQuality "1"]
[WhiteTeam "Mulhouse Philidor"]
[BlackTeam "Bischwiller"]
[WhiteTeamCountry "FRA"]
[BlackTeamCountry "FRA"]

1. e4 c6 2. Nc3 d5 3. Nf3 g6 4. d4 Bg7 5. h3 dxe4 6. Nxe4 Nf6 7. Bd3 Nxe4 8. Bxe4 0-0 9. 0-0 Nd7 10. c3 c5 11. dxc5 Nxc5 12. Bc2 Qc7 13. Be3 b6 14. Re1 e5 15. Bxc5 bxc5 16. Qe2 Qb6 17. Bb3 Ba6 18. Bc4 Bxc4 19. Qxc4 Qxb2 20. Rab1 Qc2 21. Rb7 e4 22. Rxe4 Qxc3 23. Qxc3 Bxc3 24. Rc4 Bb4 25. Ne5 a5 26. Rf4 Bc3 27. Nd7 Rfd8 28. g3 Rac8 29. Nf6+ Bxf6 30. Rxf6 Rf8 31. Rf3 c4 32. Rb2 Rc5 33. Rc2 Rfc8 34. Rf4 Kg7 35. Kg2 f5 36. Rd4 R8c7 37. f4 Kf6 38. Kf3 R7c6 39. Rc3 h6 40. Rd8 Ke7 41. Rd4 g5 42. Rc2 c3 43. Rd3 Rc4 44. Rd5 R6c5 45. Re2+ Kf7 46. Rd7+ Kf6 47. Rd6+ Kf7 48. Rd7+ Kf6 49. Rd6+ 1/2-1/2

[Event "FRA-ch Blitz Online Qual"]
[Site "Europe Echecs INT"]
[Date "2020.05.16"]
[Round "1"]
[White "Ogier, Arnaud"]
[Black "Zachary, Matheo"]
[Result "0-1"]
[WhiteElo "1569"]
[BlackElo "2334"]
[PlyCount "37"]
[EventDate "2020.05.16"]
[EventType "swiss (blitz)"]
[EventRounds "15"]
[EventCountry "FRA"]
[SourceTitle "CBM 196 Extra"]
[Source "ChessBase"]
[SourceDate "2020.07.31"]
[SourceVersion "1"]
[SourceVersionDate "2020.07.31"]
[SourceQuality "1"]

1. e4 c5 2. Nc3 Nc6 3. g3 g6 4. Bg2 Bg7 5. d3 d6 6. Nge2 e6 7. 0-0 Nge7 8. Be3 0-0 9. Qd2 Nd4 10. f4 Rb8 11. Nd1 b5 12. c3 Nxe2+ 13. Qxe2 b4 14. d4 bxc3 15. Nxc3 cxd4 16. Bxd4 Bxd4+ 17. Kh1 Qb6 18. Na4 Qa5 19. b3 0-1

[Event "FRA-ch Blitz Online Qual"]
[Site "Europe Echecs INT"]
[Date "2020.05.16"]
[Round "3"]
[White "Parligras, Mircea Emilian"]
[Black "Zachary, Matheo"]
[Result "1/2-1/2"]
[WhiteElo "2591"]
[BlackElo "2334"]
[PlyCount "157"]
[EventDate "2020.05.16"]
[EventType "swiss (blitz)"]
[EventRounds "15"]
[EventCountry "FRA"]
[SourceTitle "CBM 196 Extra"]
[Source "ChessBase"]
[SourceDate "2020.07.31"]
[SourceVersion "1"]
[SourceVersionDate "2020.07.31"]
[SourceQuality "1"]

1. d4 d5 2. c4 c6 3. Nf3 Nf6 4. Nc3 dxc4 5. a4 Bf5 6. Ne5 Nbd7 7. Nxc4 Qc7 8. g3 e5 9. dxe5 Nxe5 10. Bf4 Nfd7 11. Bg2 f6 12. 0-0 g5 13. Bxe5 Nxe5 14. Nxe5 Qxe5 15. a5 a6 16. Qb3 0-0-0 17. Na4 Be6 18. Qc2 Kb8 19. Rfc1 Bb4 20. Nb6 Rd2 21. Qa4 Qxe2 22. Rf1 Qb5 23. Qxb5 axb5 24. a6 bxa6 25. Rxa6 Kb7 26. Rfa1 Rb8 27. Bxc6+ Kc7 28. Na8+ Kd8 29. Be4 Ke7 30. Nc7 Bf7 31. Bxh7 Bc5 32. Re1+ Kf8 33. Rf1 Bc4 34. Ne6+ Bxe6 35. Rxe6 Kf7 36. Rc6 Bd4 37. b3 b4 38. Be4 Re8 39. Bd5+ Kf8 40. Re6 Rxe6 41. Bxe6 Ke7 42. Bc4 Kd6 43. h3 Kc5 44. Kg2 Kd6 45. h4 gxh4 46. gxh4 f5 47. h5 Ra2 48. h6 Ra7 49. Bg8 Ke5 50. h7 Kf4 51. Rd1 Be5 52. Rd5 Bc3 53. Rc5 Bh8 54. Rc4+ Kg5 55. Rxb4 Rc7 56. f4+ Kg4 57. Kf2 Rc2+ 58. Ke3 Rc3+ 59. Kd2 Rf3 60. Be6 Rxf4 61. Rxf4+ Kxf4 62. b4 Kg5 63. b5 Kh6 64. Bxf5 Be5 65. Kd3 Kg7 66. Ke4 Bh2 67. Kd5 Bg3 68. Kc6 Bh2 69. b6 Bg3 70. Kd7 Bh2 71. Kc8 Bg3 72. b7 Bh2 73. b8Q Bxb8 74. Kxb8 Kh8 75. Kc7 Kg7 76. Kd7 Kh8 77. Ke7 Kg7 78. Ke6 Kh8 79. Kf7 1/2-1/2

[Event "FRA-ch Blitz Online Qual"]
[Site "Europe Echecs INT"]
[Date "2020.05.16"]
[Round "14"]
[White "Philippe, Guillaume"]
[Black "Zachary, Matheo"]
[Result "1-0"]
[WhiteElo "2354"]
[BlackElo "2334"]
[PlyCount "81"]
[EventDate "2020.05.16"]
[EventType "swiss (blitz)"]
[EventRounds "15"]
[EventCountry "FRA"]
[SourceTitle "CBM 196 Extra"]
[Source "ChessBase"]
[SourceDate "2020.07.31"]
[SourceVersion "1"]
[SourceVersionDate "2020.07.31"]
[SourceQuality "1"]

1. f4 g6 2. Nf3 Bg7 3. g3 f5 4. Bg2 Nf6 5. 0-0 0-0 6. d3 d6 7. Nc3 Nc6 8. e4 fxe4 9. dxe4 e5 10. Be3 Bg4 11. h3 Bxf3 12. Qxf3 exf4 13. gxf4 Qe7 14. Rae1 Rae8 15. Qd1 Kh8 16. f5 Ne5 17. Bg5 Qd7 18. Nd5 Nxd5 19. Qxd5 gxf5 20. Qxb7 fxe4 21. Rxf8+ Rxf8 22. Qxe4 Qe6 23. Be3 Qxa2 24. Bd4 Rg8 25. Bc3 Qe6 26. Kh1 Qg6 27. Qe2 Bf6 28. Rf1 Bg7 29. Be4 Qh6 30. Bg2 Qh4 31. Rf5 Qg3 32. Rh5 Bf6 33. Rf5 Qg6 34. Qf2 Bg7 35. Be4 Qh6 36. Bg2 Qc1+ 37. Kh2 Qh6 38. Qe2 Qg6 39. Rh5 Nf7 40. Be4 Be5+ 41. Bxe5+ 1-0

[Event "FRA-ch Blitz Online Qual"]
[Site "Europe Echecs INT"]
[Date "2020.05.16"]
[Round "9"]
[White "Zachary, Matheo"]
[Black "Okhotnik, Vladimir"]
[Result "0-1"]
[WhiteElo "2334"]
[BlackElo "2359"]
[PlyCount "116"]
[EventDate "2020.05.16"]
[EventType "swiss (blitz)"]
[EventRounds "15"]
[EventCountry "FRA"]
[SourceTitle "CBM 196 Extra"]
[Source "ChessBase"]
[SourceDate "2020.07.31"]
[SourceVersion "1"]
[SourceVersionDate "2020.07.31"]
[SourceQuality "1"]

1. e4 d5 2. exd5 Qxd5 3. Nc3 Qd8 4. Nf3 g6 5. Bc4 Bg7 6. h3 Nh6 7. 0-0 Nf5 8. d3 0-0 9. Bf4 c6 10. Re1 Nd7 11. Qe2 Nb6 12. Bb3 Nd5 13. Be5 Nxc3 14. bxc3 e6 15. Bxg7 Kxg7 16. a4 Qa5 17. Ne5 Qxc3 18. Qe4 Qd4 19. a5 a6 20. Nc4 Qxe4 21. dxe4 Nd4 22. e5 Rb8 23. Rad1 c5 24. Nb6 f6 25. Bc4 Nxc2 26. exf6+ Kxf6 27. Re4 Nd4 28. f4 Rf7 29. Re5 Rc7 30. Rde1 Rc6 31. Kf2 Ke7 32. g4 Bd7 33. f5 gxf5 34. gxf5 Rf8 35. Kg3 Nxf5+ 36. Kh2 Ng7 37. Rg5 Rf7 38. Rd1 Rd6 39. Rgg1 Rxd1 40. Rxd1 Bc6 41. Re1 Rf2+ 42. Kg3 Rg2+ 43. Kf4 Kf6 44. Ke3 Rg3+ 45. Kf2 Rxh3 46. Rg1 Ra3 47. Ke2 Rxa5 48. Rf1+ Ke7 49. Nc8+ Kd7 50. Nb6+ Kd6 51. Rf7 Nf5 52. Nc8+ Ke5 53. Bd3 Ra2+ 54. Ke1 Bb5 55. Bxf5 exf5 56. Rxb7 f4 57. Rxh7 f3 58. Re7+ Kf6 0-1

[Event "Rochefort op 18th Op A"]
[Site "Rochefort"]
[Date "2019.02.16"]
[Round "6.15"]
[White "Harutyunyan, Safar"]
[Black "Zachary, Matheo"]
[Result "1-0"]
[WhiteElo "2117"]
[BlackElo "2294"]
[PlyCount "135"]
[EventDate "2019.02.16"]
[EventType "swiss"]
[EventRounds "9"]
[EventCountry "FRA"]
[SourceTitle "CBM 189 Extra"]
[Source "ChessBase"]
[SourceDate "2019.06.03"]
[SourceVersion "1"]
[SourceVersionDate "2019.06.03"]
[SourceQuality "1"]

1. e4 c5 2. Nf3 Nc6 3. d4 cxd4 4. Nxd4 e5 5. Nb5 d6 6. c4 Be7 7. N1c3 a6 8. Na3 f5 9. exf5 Bxf5 10. Nc2 Nf6 11. Ne3 Be6 12. Bd3 0-0 13. 0-0 Qd7 14. Ncd5 Rae8 15. b3 Bd8 16. Bb2 Bxd5 17. Nxd5 Nxd5 18. cxd5 Ne7 19. Be4 Bb6 20. Qd3 g6 21. g3 Rf7 22. Kg2 Ref8 23. f4 Nf5 24. Rae1 Ng7 25. Bc1 Nh5 26. Bf3 Bd4 27. Bxh5 gxh5 28. Be3 Bxe3 29. Qxe3 Qb5 30. Qe4 Rf5 31. Rd1 a5 32. Rd3 Qb4 33. Qxb4 axb4 34. Rdf3 Ra8 35. R1f2 Ra5 36. fxe5 Rxf3 37. Kxf3 Rxd5 38. exd6 Rxd6 39. Ke4 Kg7 40. Ke5 Rd1 41. Rf4 Rd2 42. Rxb4 Rxa2 43. Rxb7+ Kg6 44. h4 h6 45. Rb6+ Kg7 46. b4 Re2+ 47. Kf4 Rf2+ 48. Ke3 Rg2 49. Kf3 Rc2 50. b5 Rc3+ 51. Kf4 Rc4+ 52. Ke5 Rc3 53. Rc6 Rxg3 54. Kd5 Kf7 55. Rxh6 Ke7 56. Kc6 Rc3+ 57. Kb7 Rc5 58. b6 Kd7 59. Rh7+ Kd8 60. Rc7 Ra5 61. Rc4 Ra2 62. Rd4+ Ke7 63. Kc6 Rc2+ 64. Kb5 Rb2+ 65. Rb4 Rxb4+ 66. Kxb4 Kd7 67. Kc5 Kd8 68. Kd6 1-0

[Event "Cap d'Agde op 16th"]
[Site "Cap d'Agde"]
[Date "2018.10.28"]
[Round "2"]
[White "Kravtsiv, Martyn"]
[Black "Zachary, Matheo"]
[Result "1-0"]
[WhiteElo "2654"]
[BlackElo "2303"]
[PlyCount "69"]
[EventDate "2018.10.27"]
[EventType "swiss"]
[EventRounds "9"]
[EventCountry "FRA"]
[SourceTitle "CBM 187 Extra"]
[Source "ChessBase"]
[SourceDate "2018.11.04"]
[SourceVersion "1"]
[SourceVersionDate "2018.11.04"]
[SourceQuality "1"]

1. e4 c5 2. Nf3 Nc6 3. d4 cxd4 4. Nxd4 e5 5. Nb5 d6 6. N1c3 a6 7. Na3 b5 8. Nd5 Nge7 9. Bd3 Nxd5 10. exd5 Ne7 11. c4 Bd7 12. 0-0 Rb8 13. Bd2 Ng6 14. Qe1 Qh4 15. c5 Qd4 16. Be4 f5 17. Bf3 dxc5 18. Bc3 Qf4 19. Bh5 Bd6 20. g3 Qe4 21. f3 Qxe1 22. Rfxe1 Ke7 23. Bxg6 hxg6 24. Bxe5 Bxe5 25. f4 Rbd8 26. fxe5 Bc8 27. d6+ Ke6 28. b4 Bb7 29. bxc5 Be4 30. Rad1 g5 31. Rd2 Rhe8 32. Nc2 Kd7 33. Nb4 Rc8 34. c6+ Bxc6 35. e6+ 1-0

[Event "Wiesbaden op 30th"]
[Site "Wiesbaden"]
[Date "2018.08.26"]
[Round "7"]
[White "Muckle, Julius"]
[Black "Zachary, Matheo"]
[Result "1/2-1/2"]
[WhiteElo "2326"]
[BlackElo "2264"]
[PlyCount "51"]
[EventDate "2018.08.23"]
[EventType "swiss"]
[EventRounds "7"]
[EventCountry "GER"]
[SourceTitle "CBM 186 Extra"]
[Source "ChessBase"]
[SourceDate "2018.08.24"]
[SourceVersion "1"]
[SourceVersionDate "2018.08.24"]
[SourceQuality "1"]

1. d4 d5 2. c4 c6 3. Nc3 Nf6 4. Nf3 dxc4 5. a4 Bf5 6. Ne5 Nbd7 7. Nxc4 Qc7 8. g3 e5 9. dxe5 Nxe5 10. Bf4 Nfd7 11. Bg2 f6 12. 0-0 g5 13. Bxe5 Nxe5 14. Nxe5 Qxe5 15. e4 Be6 16. f4 gxf4 17. gxf4 Qd6 18. Qh5+ Bf7 19. Qh3 Qe6 20. Qe3 Qc4 21. Kh1 0-0-0 22. Rfc1 Bc5 23. Qh3+ Qe6 24. Nd5 Qxh3 25. Bxh3+ Kb8 26. Rxc5 1/2-1/2

[Event "Wiesbaden op 30th"]
[Site "Wiesbaden"]
[Date "2018.08.26"]
[Round "6"]
[White "Zachary, Matheo"]
[Black "Poetsch, Hagen"]
[Result "1/2-1/2"]
[WhiteElo "2264"]
[BlackElo "2513"]
[PlyCount "55"]
[EventDate "2018.08.23"]
[EventType "swiss"]
[EventRounds "7"]
[EventCountry "GER"]
[SourceTitle "CBM 186 Extra"]
[Source "ChessBase"]
[SourceDate "2018.08.24"]
[SourceVersion "1"]
[SourceVersionDate "2018.08.24"]
[SourceQuality "1"]

1. e4 e6 2. d4 d5 3. Nd2 c5 4. exd5 Qxd5 5. Ngf3 cxd4 6. Bc4 Qd8 7. 0-0 Nc6 8. Nb3 a6 9. Nbxd4 Nxd4 10. Qxd4 Qxd4 11. Nxd4 Nf6 12. Be2 e5 13. Nb3 Be6 14. Bf3 e4 15. Be2 Bd6 16. Be3 Rc8 17. c3 Ng4 18. Bxg4 Bxg4 19. h3 Bh5 20. g4 Bg6 21. Rad1 Be7 22. Rd5 h5 23. g5 f6 24. Rfd1 0-0 25. Rd7 Rf7 26. Rxb7 fxg5 27. Rdd7 Bf6 28. Rxf7 1/2-1/2

[Event "FRA-chT U16"]
[Site "Sautron"]
[Date "2018.05.20"]
[Round "2.2"]
[White "Degraeve, Remy"]
[Black "Zachary, Matheo"]
[Result "1-0"]
[WhiteElo "2302"]
[BlackElo "2251"]
[PlyCount "91"]
[EventDate "2018.05.19"]
[EventType "team-match"]
[EventRounds "5"]
[EventCountry "FRA"]
[SourceTitle "EXT 2019"]
[Source "ChessBase"]
[SourceDate "2018.10.10"]
[SourceVersion "1"]
[SourceVersionDate "2018.10.10"]
[SourceQuality "1"]

1. d4 d5 2. Bf4 Nf6 3. e3 c5 4. dxc5 Qa5+ 5. Nc3 Nc6 6. Bb5 e6 7. a3 Be7 8. b4 Qd8 9. Nf3 Nh5 10. Be5 Bd7 11. Bxc6 bxc6 12. Nd4 f6 13. h3 g6 14. Bh2 e5 15. Nb3 Ng7 16. 0-0 0-0 17. e4 Be6 18. Na5 d4 19. Nxc6 Qd7 20. Nxe7+ Qxe7 21. Nd5 Qf7 22. c4 dxc3 23. Nxc3 Bc4 24. Re1 Rad8 25. Qa4 Ne6 26. Rac1 Nd4 27. Kh1 Bb3 28. Qa5 Bc4 29. Rb1 Bd3 30. Rb2 Qc4 31. Nd5 Rxd5 32. exd5 Qc3 33. Rbb1 Bxb1 34. Rxb1 Qd3 35. Re1 Qd2 36. Rf1 Qd3 37. Rg1 Ne2 38. Re1 Qd2 39. Rf1 Qxd5 40. Qa6 Qd2 41. Qc4+ Kg7 42. c6 Nd4 43. c7 Rc8 44. Qc5 Nf5 45. Rc1 Nd6 46. Bg1 1-0

[Event "EU-ch U14 27th"]
[Site "Mamaia"]
[Date "2017.09.08"]
[Round "4"]
[White "Zachary, Matheo"]
[Black "Makarian, Rudik"]
[Result "1-0"]
[WhiteElo "2325"]
[BlackElo "2146"]
[PlyCount "102"]
[EventDate "2017.09.05"]
[EventType "swiss"]
[EventRounds "9"]
[EventCountry "ROU"]
[SourceTitle "CBM 180 Extra"]
[Source "ChessBase"]
[SourceDate "2017.10.06"]
[SourceVersion "1"]
[SourceVersionDate "2017.10.06"]
[SourceQuality "1"]

1. e4 c5 2. Nf3 e6 3. d4 cxd4 4. Nxd4 Nc6 5. Nc3 Qc7 6. Be2 Nf6 7. 0-0 Be7 8. Kh1 0-0 9. f4 d6 10. Be3 a6 11. a4 Nxd4 12. Qxd4 Bd7 13. Bg1 e5 14. Qe3 exf4 15. Rxf4 Be6 16. Rd1 Nd7 17. Qg3 Bf6 18. Rf3 Be5 19. Qh4 Rac8 20. Rdf1 Qd8 21. Qe1 Qa5 22. Rd3 Qb4 23. Qd2 Nc5 24. Bxc5 Rxc5 25. Nd5 Qxe4 26. Nf4 Bd7 27. b3 b5 28. axb5 axb5 29. Bd1 Re8 30. Rdf3 Qb7 31. Nd3 Rc7 32. Rxf7 Bc6 33. Nxe5 dxe5 34. R7f2 Rce7 35. Bh5 g6 36. Bg4 e4 37. Qh6 Rf7 38. Rxf7 Qxf7 39. Rxf7 Kxf7 40. Qxh7+ Kf6 41. Qh4+ Ke5 42. Qg5+ Kd6 43. Qxg6+ Kc5 44. Be2 Ra8 45. h4 Ra2 46. Qg5+ Kb6 47. Qe3+ Kb7 48. c4 b4 49. h5 Rc2 50. h6 Rc3 51. Qc5 e3 1-0

[Event "Sitges op 43rd"]
[Site "Sitges"]
[Date "2017.07.29"]
[Round "8"]
[White "Garriga Cazorla, Pere"]
[Black "Zachary, Matheo"]
[Result "1-0"]
[WhiteElo "2400"]
[BlackElo "2306"]
[PlyCount "89"]
[EventDate "2017.07.22"]
[EventType "swiss"]
[EventRounds "9"]
[EventCountry "ESP"]
[SourceTitle "CBM 179 Extra"]
[Source "ChessBase"]
[SourceDate "2017.08.23"]
[SourceVersion "1"]
[SourceVersionDate "2017.08.23"]
[SourceQuality "1"]

1. d4 d5 2. c4 c6 3. Nf3 Nf6 4. Nc3 dxc4 5. a4 Bf5 6. e3 e6 7. Bxc4 Bb4 8. 0-0 Nbd7 9. Nh4 Bg4 10. f3 Bh5 11. g4 Bg6 12. Qe2 Nd5 13. Nxg6 hxg6 14. Bd2 Bd6 15. f4 g5 16. Ne4 N7f6 17. Nxg5 Qc7 18. Rf2 0-0-0 19. Raf1 Rh4 20. h3 Nh7 21. Nxh7 Rxh7 22. Rf3 Rdh8 23. Qg2 Qb6 24. b3 g6 25. a5 Qd8 26. e4 Nb4 27. Bc3 Qxa5 28. e5 Bf8 29. f5 gxf5 30. gxf5 Rg7 31. Rg3 Rhg8 32. Rg4 Qa2 33. fxe6 Qxg2+ 34. Kxg2 Nc2 35. Kf3 Rxg4 36. hxg4 Rh8 37. Ke4 Rh3 38. Bd2 Rh4 39. Rxf7 Rxg4+ 40. Kf5 Rg8 41. e7 Bxe7 42. Rxe7 Nxd4+ 43. Ke4 Rd8 44. Bg5 c5 45. Rxb7 1-0

[Event "Sitges op 43rd"]
[Site "Sitges"]
[Date "2017.07.24"]
[Round "3"]
[White "Chernikov, Vladimir"]
[Black "Zachary, Matheo"]
[Result "0-1"]
[WhiteElo "2079"]
[BlackElo "2306"]
[PlyCount "62"]
[EventDate "2017.07.22"]
[EventType "swiss"]
[EventRounds "9"]
[EventCountry "ESP"]
[SourceTitle "CBM 179 Extra"]
[Source "ChessBase"]
[SourceDate "2017.08.23"]
[SourceVersion "1"]
[SourceVersionDate "2017.08.23"]
[SourceQuality "1"]

1. d4 d5 2. Nc3 Nf6 3. Bf4 a6 4. f3 c5 5. dxc5 Nc6 6. e4 d4 7. Na4 e5 8. Bd2 Be6 9. Nb6 Rb8 10. b4 Nxe4 11. fxe4 Qh4+ 12. g3 Qxe4+ 13. Qe2 Qxh1 14. 0-0-0 d3 15. cxd3 Qxg1 16. Be3 Nd4 17. Qd2 Nf3 18. Qe2 Qxh2 19. Bg2 Bh3 20. Bxf3 Qxe2 21. Bxe2 Be7 22. g4 Bg2 23. d4 exd4 24. Bxd4 Rd8 25. Bxg7 Rxd1+ 26. Kxd1 Rg8 27. Be5 Bh3 28. Kc2 Bxg4 29. Bd3 Rg5 30. Bf4 Rh5 31. Be4 Bf5 0-1

[Event "FRA-ch U14"]
[Site "Belfort"]
[Date "2017.04.22"]
[Round "8.1"]
[White "Harutyunyan, Ruben"]
[Black "Zachary, Matheo"]
[Result "1-0"]
[WhiteElo "2218"]
[BlackElo "2267"]
[PlyCount "69"]
[EventDate "2017.04.16"]
[EventType "swiss"]
[EventRounds "9"]
[EventCountry "FRA"]
[SourceTitle "EXT 2019"]
[Source "ChessBase"]
[SourceDate "2018.10.10"]
[SourceVersion "1"]
[SourceVersionDate "2018.10.10"]
[SourceQuality "1"]

1. d4 d5 2. c4 c6 3. Nf3 Nf6 4. Nbd2 Bf5 5. Nh4 Bg4 6. h3 Bh5 7. g4 Bg6 8. Nxg6 hxg6 9. Bg2 e6 10. e3 Qc7 11. Qc2 Bd6 12. b3 Nbd7 13. Bb2 0-0-0 14. 0-0-0 Kb8 15. Kb1 g5 16. c5 Be7 17. b4 Rhe8 18. Bf1 b6 19. Rc1 b5 20. Bc3 g6 21. Kb2 Nf8 22. a4 a6 23. Ra1 Kc8 24. axb5 axb5 25. Ra6 Kd7 26. Nf3 Qb7 27. Ne5+ Kc7 28. Rxc6+ Qxc6 29. Nxc6 Kxc6 30. Bxb5+ Kxb5 31. Qd3+ Kc6 32. Qa6+ Kc7 33. Qb6+ Kc8 34. Qc6+ Kb8 35. Ra1 1-0

[Event "FRA-ch U14"]
[Site "Belfort"]
[Date "2017.04.20"]
[Round "6.1"]
[White "Zachary, Matheo"]
[Black "Degraeve, Remy"]
[Result "1/2-1/2"]
[WhiteElo "2267"]
[BlackElo "2126"]
[PlyCount "132"]
[EventDate "2017.04.16"]
[EventType "swiss"]
[EventRounds "9"]
[EventCountry "FRA"]
[SourceTitle "EXT 2019"]
[Source "ChessBase"]
[SourceDate "2018.10.10"]
[SourceVersion "1"]
[SourceVersionDate "2018.10.10"]
[SourceQuality "1"]

1. e4 d6 2. d4 Nf6 3. Nc3 g6 4. Bg5 Bg7 5. e5 Nfd7 6. exd6 cxd6 7. Nf3 h6 8. Be3 Nc6 9. h4 a6 10. a4 Nf6 11. d5 Ne5 12. Nxe5 dxe5 13. Be2 b6 14. 0-0 Bb7 15. Bf3 0-0 16. Qd2 Kh7 17. Rfd1 Ne8 18. Ra3 Nd6 19. Be2 Nf5 20. Bf1 Rc8 21. Ne2 Nxe3 22. Rxe3 Rc5 23. Nc3 f5 24. d6 e6 25. d7 e4 26. Qd6 Rc6 27. Qd2 Be5 28. g3 Rd6 29. Qc1 Qxd7 30. Ree1 Bxc3 31. bxc3 Rd8 32. Rxd6 Qxd6 33. Qe3 Qc6 34. Rb1 Rd6 35. a5 b5 36. c4 bxc4 37. Rb6 Qc7 38. Bxc4 Rxb6 39. Qxb6 Qxb6 40. axb6 Kg7 41. Bxe6 Kf6 42. Bb3 Ke5 43. Kf1 Kd4 44. Ke2 a5 45. Kd2 Kc5 46. Bf7 g5 47. hxg5 hxg5 48. Be6 f4 49. gxf4 gxf4 50. Kc3 Kxb6 51. Kc4 a4 52. Kb4 Bc6 53. Bc4 Kc7 54. Kc5 Be8 55. c3 Kd7 56. Kd4 Ke7 57. Kxe4 Bf7 58. Bxf7 Kxf7 59. Kd3 Ke6 60. Kc4 f3 61. Kb4 Kd5 62. c4+ Kd4 63. c5 Kd5 64. Kxa4 Kxc5 65. Kb3 Kd4 66. Kc2 Ke5 1/2-1/2